| 000 | 00410nam a2200169Ia 4500 | ||
|---|---|---|---|
| 008 | 240729s9999 xx 000 0 und d | ||
| 022 | _a2674-1172 | ||
| 245 | 0 | _aOrganoids | |
| 260 | _aSwitzerland | ||
| 260 | _bMDPI AG | ||
| 650 | _a Biology (General) | ||
| 650 | _a Cytology | ||
| 650 | _aScience | ||
| 856 | _uhttps://doaj.org/toc/2d31b3b7d9db4c86b0c8e815c33d5931 | ||
| 942 | _2ddc | ||
| 942 | _cDOAJEJ | ||
| 999 |
_c68351 _d68351 |
||
| 945 |
_a1 _bMadushi Gamage _c1 _dMadushi Gamage |
||